LDR 00796naa#a2200169#i#450# 001 RU\\bibl\103145 005 20260701075105.3 011 ## _a2542-1840 100 ## _a20260630b2026####ek#y0rusy0150####ca 101 0# _aENG 102 ## _aRU 200 1# _aНарративное исследование феномена инволюция в процессе подготовки к вступительным экзаменам в магистратуру среди китайских студентов-бакалавров _eЖурнальная статья 210 1# _aКемерово _cКемеровский государственный университет _d2026 215 ## _a12 с. 608 ## _aЖурнальная статья _2local 700 #1 _aЧжан _gИнся 856 4# _avestnik-pses.kemsu.ru _u